Представление документа в формате MARC21

ПолеНазваниеЗначение
  Тип записи a
  Библиографический уровень m
001 Контрольный номер RU/URAIT/537801
003 Принадлежность контрольного номера https://urait.ru/bcode/537801
005 Дата корректировки 20240827112608.9
008 Кодируемые данные
020 Индекс ISBN __
a ISBN 978-5-534-02097-7
c Цена, тираж 1219.00
040 Источник каталогиз. __
a Служба первич. каталог. ИКО Юрайт
b Код языка каталог. rus
c Служба, преобразующая запись ИКО Юрайт
041 Код языка издания 0_
a Код языка текста rus
044 Код страны публикации __
a Код страны публикации RU
073 _1
a 9785534020977
d 1219.00
080 Индекс УДК __
a Индекс УДК 517.9(075.8)
084 Индекс другой классификации/Индекс ББК __
a Индекс другой классификации/Индекс ББК 22.161.6я73
2 Источник индекса rubbk
091 Индексы/ коды __
a Индекс ББК (DOS) 22.161.6я73
z rubbk
100 Автор 1_
a Автор Боровских А. В.
q Полное имя Алексей Владиславович
230 __
a Электрон. дан.
245 Заглавие 00
a Заглавие Дифференциальные уравнения в 2 ч. Часть 2
b Продолж. заглавия учебник и практикум
c Ответственность А. В. Боровских, А. И. Перов.
250 Сведения об издании __
a Основные сведения об издании 3-е изд.
b Дополнительные сведения об издании пер. и доп
260 Выходные данные 1_
a Место издания Москва
b Издательство Юрайт
c Дата издания 2024
300 Физическое описание __
a Объем 274 с
440 Серия _0
a Серия Высшее образование
500 Примечания __
a Примечание URL: https://urait.ru/bcode/537801 (дата обращения: 27.08.2024).
520 Аннотация __
a Аннотация Учебник содержит курс лекций по обыкновенным дифференциальным уравнениям. Он состоит из двух частей. В первой части рассмотрены дифференциальные уравнения первого порядка и линейные дифференциальные уравнения n-го порядка. Во второй части изучаются системы дифференциальных уравнений и устойчивость решений дифференциальных уравнений. Ряд вопросов, имеющих междисциплинарный характер, некоторые представляющие интерес теоремы и проблемы, не вошедшие в основной курс, вывод различных дифференциальных уравнений и т. д. вынесен в приложения. В конце каждой главы приводятся задания для самостоятельной работы.
538 Прим. о системных особенностях __
a Прим. о системных особенностях Режим доступа: Электронно-библиотечная система Юрайт, для авториз. пользователей
653 Ключевые слова 2_
a Ключевые слова Математический анализ
653 Ключевые слова 2_
a Ключевые слова Математика и статистика
653 Ключевые слова 2_
a Ключевые слова Дифференциальные и интегральные уравнения
653 Ключевые слова 2_
a Ключевые слова Дифференциальные уравнения
653 Ключевые слова 2_
a Ключевые слова Дифференциальное и интегральное исчисление
653 Ключевые слова 2_
a Ключевые слова Дифференциальные и разностные уравнения
653 Ключевые слова 2_
a Ключевые слова Обыкновенные дифференциальные уравнения
700 Другие авторы 1_
a Другие авторы Перов А. И.
q Полное имя Анатолий Иванович
856 Электронный адрес документа 40
n Местонахождение сервера Юрайт
g Электронная книга
q Тип электронного формата html
h Имя пользователя ЮРАЙТ
v Часы доступа к ресурсу 20251231
2 Способ доступа Показать документ
x Служебное примечание https://urait.ru/book/cover/1562C560-A39E-4C0A-A42B-DD2956A20958
u URL https://urait.ru/bcode/537801
856 Электронный адрес документа 41
q Тип электронного формата cover
u URL https://urait.ru/book/cover/1562C560-A39E-4C0A-A42B-DD2956A20958